000 01249nam a22003134a 4500
001 ebr10067559
003 CaPaEBR
006 m u
007 cr cn|||||||||
008 021118s2002 ne a sb 001 0 eng
010 _z 2002041336
020 _z1402009925 (alk. paper)
040 _aCaPaEBR
_cCaPaEBR
035 _a(OCoLC)614570838
050 1 4 _aQH343.7
_b.B37 2002eb
082 0 4 _a577/.14
_221
100 1 _aBashkin, V. N.
_q(Vladimir Nikolaevich)
245 1 0 _aModern biogeochemistry
_h[electronic resource] /
_cVladimir N. Bashkin, in cooperation with Robert W. Howarth.
260 _aDordrecht ;
_aBoston :
_bKluwer Academic Publishers,
_cc2002.
300 _aviii, 561 p. :
_bill.
504 _aIncludes bibliographical references and index.
533 _aElectronic reproduction.
_bPalo Alto, Calif. :
_cebrary,
_d2013.
_nAvailable via World Wide Web.
_nAccess may be limited to ebrary affiliated libraries.
650 0 _aBiogeochemistry.
650 0 _aBiogeochemical cycles.
655 7 _aElectronic books.
_2local
700 1 _aHowarth, Robert Warren.
710 2 _aebrary, Inc.
856 4 0 _uhttp://site.ebrary.com/lib/rucke/Doc?id=10067559
_zAn electronic book accessible through the World Wide Web; click to view
999 _c49217
_d49217